World War Z (Record no. 389974)
[ view plain ]
| 000 -LEADER | |
|---|---|
| fixed length control field | 03287cgm a2200721Ia 4500 |
| 001 - CONTROL NUMBER | |
| control field | ocn852257484 |
| 003 - CONTROL NUMBER IDENTIFIER | |
| control field | OCoLC |
| 005 - DATE AND TIME OF LATEST TRANSACTION | |
| control field | 20231116072219.0 |
| 007 - PHYSICAL DESCRIPTION FIXED FIELD--GENERAL INFORMATION | |
| fixed length control field | vd cvaizq |
| 008 - FIXED-LENGTH DATA ELEMENTS--GENERAL INFORMATION | |
| fixed length control field | 130709s2013 cau115 vleng d |
| 020 ## - INTERNATIONAL STANDARD BOOK NUMBER | |
| International Standard Book Number | 1415773785 |
| 020 ## - INTERNATIONAL STANDARD BOOK NUMBER | |
| International Standard Book Number | 9781415773789 |
| 024 10 - OTHER STANDARD IDENTIFIER | |
| Standard number or code | 097363504047 |
| 024 1# - OTHER STANDARD IDENTIFIER | |
| Standard number or code | 032429138170 |
| 028 42 - PUBLISHER NUMBER | |
| Publisher number | 35040 |
| Source | Paramount |
| 028 42 - PUBLISHER NUMBER | |
| Publisher number | 913817 |
| Source | Paramount |
| 035 ## - SYSTEM CONTROL NUMBER | |
| System control number | (OCoLC)852257484 |
| 040 ## - CATALOGING SOURCE | |
| Original cataloging agency | LPU |
| Transcribing agency | LPU |
| Modifying agency | GK8 |
| -- | BTCTA |
| -- | BDX |
| -- | TEF |
| -- | TEFMT |
| -- | FFL |
| -- | GK5 |
| -- | IK2 |
| -- | GK5 |
| -- | TEFMT |
| -- | UINTA |
| Description conventions | rda |
| 041 1# - LANGUAGE CODE | |
| Language code of text/sound track or separate title | eng |
| -- | fre |
| -- | spa |
| Language code of original and/or intermediate translations of text | eng |
| 049 ## - LOCAL HOLDINGS (OCLC) | |
| Holding library | UCLB |
| 050 14 - LIBRARY OF CONGRESS CALL NUMBER | |
| Classification number | PN1997.2 |
| Item number | .W6753 2013 |
| 082 04 - DEWEY DECIMAL CLASSIFICATION NUMBER | |
| Classification number | Blu-ray World War Z |
| Edition number | 23 |
| 092 ## - LOCALLY ASSIGNED DEWEY CALL NUMBER (OCLC) | |
| Classification number | Blu-ray World War Z |
| 245 00 - TITLE STATEMENT | |
| Title | World War Z |
| Medium | [Blu-ray] / |
| Statement of responsibility, etc | Paramount Pictures and Skydance Productions present in association with Hemisphere Media Capital and GK Films ; a Plan B Entertainment/2Dus production ; a Marc Forster film ; produced by Brad Pitt ... [et al.] ; screen story by Matthew Michael Carnahan and J. Michael Straczynski ; screenplay by Matthew Michael Carnahan and Drew Goodard & Damon Lindelof ; directed by Marc Forster. |
| 260 ## - PUBLICATION, DISTRIBUTION, ETC. (IMPRINT) | |
| Place of publication, distribution, etc | Hollywood, CA : |
| Name of publisher, distributor, etc | Paramount, |
| Date of publication, distribution, etc | c2013. |
| 264 ## - Production, Publication, Distribution, Manufacture, and Copyright Notice. | |
| Place of production, publication, distribution, manufacture | Hollywood, CA : |
| Name of producer, publisher, distributor, manufacturer | Paramount, |
| Date of production, publication, distribution, manufacture, or copyr | 2013 |
| 300 ## - PHYSICAL DESCRIPTION | |
| Extent | 1 videodisc (115 min.) : |
| Other physical details | sd., col. ; |
| Dimensions | 4 3/4 in. |
| 500 ## - GENERAL NOTE | |
| General note | Based on the novel by Max Brooks. |
| 500 ## - GENERAL NOTE | |
| General note | Title from container. |
| 500 ## - GENERAL NOTE | |
| General note | "Feature film theatrical version"--disc label. |
| 508 ## - CREATION/PRODUCTION CREDITS NOTE | |
| Creation/production credits note | Music, Marco Beltrami. |
| 511 1# - PARTICIPANT OR PERFORMER NOTE | |
| Participant or performer note | Brad Pitt, Mireille Enos, James Badge Dale. |
| 520 ## - SUMMARY, ETC. | |
| Summary, etc | Gerry Lane travels the globe in an effort to eliminate the zombie pandemic that is endangering the existence of humanity. |
| 521 8# - TARGET AUDIENCE NOTE | |
| Target audience note | MPAA rating: PG-13; for intense frightening zombie sequences, violence and disturbing images. |
| 538 ## - SYSTEM DETAILS NOTE | |
| System details note | DVD, region 1, NTSC, widescreen (16:9) presentation; Dolby Digital 5.1. |
| 546 ## - LANGUAGE NOTE | |
| Language note | English 5.1 Dolby Digital; French 5.1 Dolby Digital; Spanish 5.1 Dolby Digital; English, French, Spanish or Portuguese subtitles; closed captioned; English described audio for the visually impaired. |
| 650 #0 - SUBJECT ADDED ENTRY--TOPICAL TERM | |
| Topical term or geographic name as entry element | Zombies |
| Form subdivision | Drama. |
| 9 (RLIN) | 5717473 |
| 650 #7 - SUBJECT ADDED ENTRY--TOPICAL TERM | |
| Topical term or geographic name as entry element | Muertos |
| Form subdivision | Teatro. |
| Source of heading or term | bidex |
| 9 (RLIN) | 5687406 |
| 655 #7 - INDEX TERM--GENRE/FORM | |
| Genre/form data or focus term | Feature films. |
| Source of term | lcgft |
| 9 (RLIN) | 6259031 |
| 655 #7 - INDEX TERM--GENRE/FORM | |
| Genre/form data or focus term | Feature films. |
| Source of term | gsafd |
| 9 (RLIN) | 6259031 |
| 655 #7 - INDEX TERM--GENRE/FORM | |
| Genre/form data or focus term | Video recordings for the hearing impaired. |
| Source of term | lcgft |
| 9 (RLIN) | 6259032 |
| 655 #7 - INDEX TERM--GENRE/FORM | |
| Genre/form data or focus term | Video recordings for people with visual disabilities. |
| Source of term | lcgft |
| 9 (RLIN) | 5676923 |
| 700 1# - ADDED ENTRY--PERSONAL NAME | |
| Personal name | Forster, Marc, |
| Dates associated with a name | 1969- |
| 9 (RLIN) | 68059 |
| 700 1# - ADDED ENTRY--PERSONAL NAME | |
| Personal name | Pitt, Brad, |
| Dates associated with a name | 1963- |
| 9 (RLIN) | 60472 |
| 700 1# - ADDED ENTRY--PERSONAL NAME | |
| Personal name | Carnahan, Matthew Michael. |
| 9 (RLIN) | 74868 |
| 700 1# - ADDED ENTRY--PERSONAL NAME | |
| Personal name | Straczynski, J. Michael, |
| Dates associated with a name | 1954- |
| 9 (RLIN) | 16283 |
| 700 1# - ADDED ENTRY--PERSONAL NAME | |
| Personal name | Goddard, Drew, |
| Dates associated with a name | 1975- |
| 9 (RLIN) | 5994231 |
| 700 1# - ADDED ENTRY--PERSONAL NAME | |
| Personal name | Lindelof, Damon, |
| Dates associated with a name | 1973- |
| 9 (RLIN) | 73757 |
| 700 1# - ADDED ENTRY--PERSONAL NAME | |
| Personal name | Brooks, Max. |
| 9 (RLIN) | 50552 |
| 700 1# - ADDED ENTRY--PERSONAL NAME | |
| Personal name | Enos, Mireille, |
| Dates associated with a name | 1975- |
| 9 (RLIN) | 5800538 |
| 700 1# - ADDED ENTRY--PERSONAL NAME | |
| Personal name | Dale, James Badge, |
| Dates associated with a name | 1978- |
| 9 (RLIN) | 5718739 |
| 700 1# - ADDED ENTRY--PERSONAL NAME | |
| Personal name | Beltrami, Marco. |
| 9 (RLIN) | 46596 |
| 710 2# - ADDED ENTRY--CORPORATE NAME | |
| Corporate name or jurisdiction name as entry element | Paramount Pictures Corporation (1914-1927) |
| 9 (RLIN) | 5682264 |
| 710 2# - ADDED ENTRY--CORPORATE NAME | |
| Corporate name or jurisdiction name as entry element | Skydance Productions. |
| 9 (RLIN) | 61255 |
| 710 2# - ADDED ENTRY--CORPORATE NAME | |
| Corporate name or jurisdiction name as entry element | Hemisphere Media Capital. |
| 9 (RLIN) | 6259033 |
| 710 2# - ADDED ENTRY--CORPORATE NAME | |
| Corporate name or jurisdiction name as entry element | GK Films (Los Angeles, Calif.) |
| 9 (RLIN) | 5861526 |
| 710 2# - ADDED ENTRY--CORPORATE NAME | |
| Corporate name or jurisdiction name as entry element | Plan B Entertainment. |
| 9 (RLIN) | 56402 |
| 710 2# - ADDED ENTRY--CORPORATE NAME | |
| Corporate name or jurisdiction name as entry element | 2Dux2. |
| 9 (RLIN) | 6259034 |
| 942 ## - ADDED ENTRY ELEMENTS (KOHA) | |
| Koha item type | Blu-ray digital video discs |
| Source of classification or shelving scheme | Dewey Decimal Classification |
| Withdrawn status | Lost status | Source of classification or shelving scheme | Materials specified (bound volume or other part) | Damaged status | Not for loan | Collection code | Home library | Current library | Shelving location | Date acquired | Source of acquisition | Total Checkouts | Total Renewals | Full call number | Barcode | Date last seen | Date checked out | Cost, replacement price | Price effective from | Koha item type |
|---|---|---|---|---|---|---|---|---|---|---|---|---|---|---|---|---|---|---|---|---|
| Dewey Decimal Classification | 2 discs | Movies | Wasatch County Library | Wasatch County Library | Audio Visual Area | 11/16/2023 | Donation | 5 | 6 | Blu-ray World War Z | 34301002021246 | 12/17/2025 | 12/15/2025 | 25.00 | 11/16/2023 | Blu-ray/DVD |
